Diagnóstico psicopedagógico / (Record no. 14895)

MARC details
000 -CABECERA
campo de control de longitud fija 00568nam a2200181 a 4500
005 - FECHA Y HORA DE LA ÚLTIMA TRANSACCIÓN
campo de control 20250918064110.0
008 - ELEMENTOS DE LONGITUD FIJA--INFORMACIÓN GENERAL
campo de control de longitud fija 991125s1980 mx 000 0 spa u
035 ## - NÚMERO DE CONTROL DEL SISTEMA
Número de control de sistema UPN01000014895
049 ## - COLECCIÓN
Colección CG
050 #4 - SIGNATURA TOPOGRÁFICA DE LA BIBLIOTECA DEL CONGRESO
Número de clasificación BF721
Número de documento/Ítem A3.2
100 1# - ASIENTO PRINCIPAL--NOMBRE PERSONAL
Nombre de persona Aguilar Villalobos, Eduardo Javier
9 (RLIN) 30591
245 10 - MENCIÓN DE TÍTULO
Título Diagnóstico psicopedagógico /
Mención de responsabilidad, etc. Javier Aguilar Villalobos, Frida Díaz Barriga A.
260 ## - PUBLICACIÓN, DISTRIBUCIÓN, ETC.
Lugar de publicación, distribución, etc. [S.l.] :
Nombre del editor, distribuidor, etc. ILCE :
-- UNESCO,
Fecha de publicación, distribución, etc. [198-].
300 ## - DESCRIPCIÓN FÍSICA
Extensión 134 p.
650 #4 - ASIENTO SECUNDARIO DE MATERIA - TERMINO TEMATICO
Término de materia o nombre geográfico como elemento de entrada Niño, Estudio del
9 (RLIN) 221
700 1# - ASIENTO SECUNDARIO--NOMBRE DE PERSONAL
Nombre de persona Díaz Barriga, Frida,
Fechas asociadas al nombre 1955-
Término indicativo de función/relación coaut.
9 (RLIN) 30592
905 ## - TIPO DE MATERIAL
Tipo de material Libro
Holdings
Estado de retiro Estado de pérdida Fuente del sistema de clasificación o colocación Estado dañado No para préstamo Código de colección Localización permanente Ubicación/localización actual Ubicación en estantería Fecha de adquisición Total de préstamos Clasificación Código de barras Fecha visto por última vez Fecha del último préstamo Número de copia Tipo de ítem Koha
    Library of Congress Classification     Colección General Bib. Gregorio Torres Quintero Bib. Gregorio Torres Quintero Planta baja 22/09/2023 31 BF721 A3.2 47656 10/03/2026 24/02/2026 1 Libro